| 000 | 00567nam a2200217Ia 4500 | ||
|---|---|---|---|
| 008 | 170203s9999 xx 000 0 und d | ||
| 020 | _a9780195149418 | ||
| 050 | _a551.552 | ||
| 050 | _bEm112d | ||
| 100 | _a Emanuel, Kerry A. | ||
| 245 | _aDivine wind : | ||
| 245 | _bthe history and science of hurricanes / | ||
| 245 | _cKerry A Emanuel. | ||
| 260 | _aOxford ; | ||
| 260 | _bOxford University Press. | ||
| 300 | _ax, 285 pages : | ||
| 300 | _billustrations (some color) ; | ||
| 300 | _c29 cm. | ||
| 650 | _aHurricanes -- | ||
| 650 | _xHistory. | ||
| 999 |
_c305955 _d305955 |
||